000 00334cam a2200157ua 4500
001 6272
008 111223n1994 II |||gr||||Z||||||eng
040 _aMAIN
041 _aEnglish
082 _a
100 _aWILLIAMS, JOHN.
245 _aWORDSWORTH
260 _aLONDON
_bMCMILAN & CO.
_c1994
300 _a216:
_c22CM.
942 _cBK
999 _c6257
_d6257